Entiendes : Queer Readings, Hispanic Writings /
محفوظ في:
| مؤلفون آخرون: | , |
|---|---|
| التنسيق: | غير معروف |
| اللغة: | English |
| منشور في: |
Estados Unidos :
Duke University Press,
1995
|
| الموضوعات: | |
| الوسوم: |
إضافة وسم
لا توجد وسوم, كن أول من يضع وسما على هذه التسجيلة!
|
MARC
| LEADER | 000000000a22000000004500 | ||
|---|---|---|---|
| 001 | 002807 | ||
| 041 | 0 | |a eng | |
| 082 | 0 | 4 | |a A860.9 |b E61e |
| 245 | 0 | 0 | |a Entiendes : |b Queer Readings, Hispanic Writings / |c Paul Julian Smith, editor ; Emilie L. Bergmann, editor. |
| 260 | 1 | |a Estados Unidos : |b Duke University Press, |c 1995 | |
| 300 | |a 429 páginas | ||
| 650 | 4 | |a LITERATURA LATINOAMERICANA | |
| 650 | 4 | |a HOMOSEXUALIDAD | |
| 700 | 1 | |a Smith, Paul Julian, editor | |
| 700 | 1 | |a Bergmann, Emilie L., editor | |
| 999 | |c 9161 |d 9161 | ||
| 942 | |c BK |h A860.9 E61e |2 z | ||
